000 00605nam a2200181Ia 4500
005 20250326140955.0
008 250326s9999 xx 000 0 und d
037 _aTextbook
040 _aFMSL
_beng
_cFMSL
041 _aeng
_2eng
084 _aX:512 N7
_qFMSL
100 _aSanchez D
_9743483
245 0 _aSelling Machine:how to focus every member of your company on the vital business of sellin
_cSanchez D; Heiman S E And Others
260 _aNew Delhi
_bNew Delhi, Oxford & IBH publishing co. pvt. ltd.
_c1997
300 _a302p
942 _cTB
_hX:512 N7
999 _c1288109
_d1288109